Diary of a Wimpy Kid dialogue quiz - Statistics

General Stats
  • This quiz has been taken 63 times
  • The average score is 51 of 93
Answer Stats
Speaker Hint Answer % Correct
a
84%
a
84%
a
84%
friend.
82%
friend!
82%
friend,
82%
ROWLEY (You) You
82%
you
82%
you
82%
you
82%
You
82%
ROWLEY - You
82%
You
82%
You
82%
you
82%
You
82%
you
82%
you!
82%
You're
82%
(Greg?) Greg?
78%
(know) know
76%
(what) what
76%
ROWLEY - Don't
69%
Don't
69%
good
69%
me.
69%
my
69%
my
69%
my
69%
my
69%
not
69%
were
69%
We're
69%
come
64%
done!
64%
house.
64%
call
60%
to
60%
great
58%
great
58%
the
56%
the
56%
told
56%
by
51%
I'm
51%
that?
51%
GREG - That
51%
that
51%
about
49%
How
49%
say
49%
broke
47%
even
47%
even
47%
hand
47%
hand
47%
would
47%
and
44%
have
44%
ROWLEY - If
44%
Mr.
44%
sorry!
44%
truth!
44%
could
42%
ever
42%
best
40%
broken
40%
didn't
40%
happened
40%
mad
40%
of
40%
thing.
40%
thing
40%
was
40%
about
38%
can't
36%
Joshie.
36%
made
36%
fun
33%
Winsky
33%
clothes,
31%
disrespected
31%
seem
31%
hated
29%
care
27%
one
27%
cartoon.
24%
get
24%
GREG - Okay,
24%
only
24%
yourself.
24%
just--
20%
GREG - Woah!
18%
No matching quizzes found
Score Distribution
Percent of People with Each Score
Percentile by Number Answered
Your Score History
You have not taken this quiz